Test Your Latin and Greek Knowledge - Statistics

General Stats
  • This quiz has been taken 106 times
  • The average score is 4 of 8
Answer Stats
Answer % Correct
Mons, montis Latin mountain
75%
Laboro/laboratum Latin work
73%
Sal/salis Latin salt
61%
Solus Latin alone
50%
Folium Latin leaf
48%
Monos Greek alone
45%
Humus Latin earth
45%
Rideo/risum Latin laugh
41%
No matching quizzes found
Score Distribution
Percent of People with Each Score
Percentile by Number Answered
Your Score History
You have not taken this quiz